Регионална библиотека "Любен Каравелов" - Русе

Неоскърбени светове (Запис номер 138148)

MARC детайли
000 -Лидер
Контролно поле с фиксирана дължина 01114nam a2200313 c 4500
003 - Код на организацията, давaща контролен номер
Контролно поле BLK
005 - Дата и час на последна редакция
Контролно поле 20210118115855.0
008 - Елементи от данни с фиксирана дължина
fixed length control field 180409b bul|||||r ||||||| ||bul||
010 ## - Наследен системен номер
LC control number KNG00144129000
040 ## - Източник на каталожния запис
Идентификатор на билиотеката - собственик на записа BLK
041 ## - Код за език
Код за езика на текст/звукозапис или на отделно заглавие Български
Код за езика КДБФ Български
072 #7 - Код за тематичната категория
Код организация bullib
Код за тематична категория Я
Текст Автографи
080 ## - УДК
Текстов определител УДК Българска литература
УДК код - определител по УДК 821.163.2
УДК определител -1
УДК - код + определител 821.163.2-1
100 1# - Редна дума - Автор
Автор Матев, Павел
Авторска отговорност първи автор
R(LIN) 377607
139 ## - Редно поле
Редна дума Узунов, Дечко Христов
Авторски знак Узунов - У 33
245 10 - Сведения за заглавието
Заглавие Неоскърбени светове
Подзаглавни данни Стихотворения
Редно поле (дума) Павел Матев; рис. Дечко Христов Узунов.
257 ## - Страна на издаване
Страна на създаване/издаване България
260 ## - Област на издателските данни
Име на издателя, разпространителя и проч. Христо Г. Данов
Година на издаване 1969
Място на издаване, разпространение и проч. София
300 ## - Физическа характеристика
Страници 93 с.
Илюстрации и др. с рис.
Размери/Мащаб 28 см
380 ## - Жанр
Жанр Худож. лит.
500 ## - Общи забележки
Забележка Авт. не е отбелязан на кор.
659 ## - Тематичен бюлетин
Тематичен бюлетин Я
700 1# - Други автори (авторска отговорност)
Лично име Узунов, Дечко Христов
Автороска отговорност (Описва отношението между автора и произведението) рис.
9 (RLIN) 376263
852 ## - Местоположение
Форматна сигнатура Цб II 3618
856 4# - Електронен адрес и достъп
Електронен формат pdf - файл
856 4# - Електронен адрес и достъп
Електронен формат pdf - файл
999 ## - СИСТЕМНИ КОНТРОЛНИ НОМЕРА
Koha biblionumber 138148
Koha biblioitemnumber 138148
942 ## - АРТИКУЛИ
Вид на библиотечния материал Книги
Скрит в OPAC Не
Периодичен библиозапис Да
944 ## - СЪЗДАВАНЕ И РЕДАКЦИЯ на ЗАПИСА
Създаване/Редакция Създаване
Дата на регистрацията/редакция 18.06.2013
Служител, извършил регистрацията/редакцията Ренета_Константинова
944 ## - СЪЗДАВАНЕ И РЕДАКЦИЯ на ЗАПИСА
Създаване/Редакция Редакция
Дата на регистрацията/редакция 18.06.2013
999 ## - СИСТЕМНИ КОНТРОЛНИ НОМЕРА
Koha biblioitemnumber 138148
Наличности
Код за отписване Код за изгубен артикул Източник на класификационната схема Код за повреда Коз за рестрикции Код за отдаване Артикулен № Име на библиотеката - собственик Име на библиотеката, в която се намира в момента Статус (Текущо местоположение) Дата на вписване в системата Местоположение - отдел Цена в лева Номерация (Хронология) Инвентарен номер Систематично азбучна сигнатура Баркод Номер на екземпляра Цена в евро Служебна бележка Служебен тип на артикула Бележка за публиката
  Не е изгубен Universal Decimal Classification Не е повреден само за читалня ползва се в читалня 225887 Регионална библиотека "Любен Каравелов" Русе Регионална библиотека "Любен Каравелов" Русе Хранилище 1969-01-01 Хранилище 2.00 Автограф: Павел Матев 56732 Цб II 3618 120000056732 1 1.02 Вид: Сф N: стар фонд Дата: 01.01.1969 Книги  
Изтеглен Не е изгубен Universal Decimal Classification Не е повреден без рестрикции заемане за дома 225888 Регионална библиотека "Любен Каравелов" Русе Регионална библиотека "Любен Каравелов" Русе Заемна - подръчен фонд 1969-01-01 Заемна - подръчен фонд 2.00   61775 П 886.7-1/У 33 61775 2 1.02 Вид: Сф N: стар фонд Дата: 01.01.1969 Дата инв: 16.02.2018 Бележки инв: П2018 Книги  
Изтеглен Не е изгубен   Не е повреден без рестрикции заемане за дома 225889 Регионална библиотека "Любен Каравелов" Русе Регионална библиотека "Любен Каравелов" Русе   1969-01-01 Заемна - подръчен фонд 2.00   61776 П 886.7-1/У 33 61776 3 1.02 Вид: Сф N: стар фонд Дата: 01.01.1969 Книги Отч.N: 11/2018 , Дата: 02.02.2018
Изтеглен Не е изгубен   Не е повреден без рестрикции заемане за дома 225890 Регионална библиотека "Любен Каравелов" Русе Регионална библиотека "Любен Каравелов" Русе   1969-01-01 Заемна - подръчен фонд 2.00   61779 П 886.7-1/У 33 61779 4 1.02 Вид: Сф N: стар фонд Дата: 01.01.1969 Книги Отч.N: 18/18 , Дата: 22.03.2018
Vip Innovations Ltd, Rousse, Bulgaria 2025